Регионална библиотека "Любен Каравелов" - Русе

Адио, Рио [DVD] (Запис номер 219525)

MARC детайли
000 -Лидер
Контролно поле с фиксирана дължина 02049ngm a2200385 a 4500
003 - Код на организацията, давaща контролен номер
Контролно поле BLK
005 - Дата и час на последна редакция
Контролно поле 20240925134055.0
008 - Елементи от данни с фиксирана дължина
fixed length control field 180410b bul||n||s|||||||| n|bulo|
010 ## - Наследен системен номер
LC control number CDD00001892000
040 ## - Източник на каталожния запис
Идентификатор на билиотеката - собственик на записа BLK
041 ## - Код за език
Код за езика на текст/звукозапис или на отделно заглавие Български
Код за езика КДБФ Български
080 ## - УДК
Текстов определител УДК Комедии
УДК код - определител по УДК 791.221.2
УДК определител (497.2)(086.8)
УДК - код + определител 791.221.2(497.2)(086.8)
139 ## - Редно поле
Редна дума Адио, Рио [DVD]
Авторски знак Ади - А 30
245 10 - Сведения за заглавието
Заглавие Адио, Рио [DVD]
Редно поле (дума) сценарист Марко Кънчев Стойчев; режисьор Иван Андонов; в ролите Филип Трифонов; оператор Красимир Костов; музика Кирил Маричков.
257 ## - Страна на издаване
Страна на създаване/издаване България
260 ## - Област на издателските данни
Място на издаване, разпространение и проч. София
Име на издателя, разпространителя и проч. Нац. филмов център
Година на издаване 2006
300 ## - Физическа характеристика
Страници (3,79 GB)(88 мин.)
Илюстрации и др. зв., цв.
Размери/Мащаб 12 см
Съпровождащи материали 1 брош. (1 л. ; 17Х47 см, сгънат до 17Х12 см)
380 ## - Жанр
Жанр Изкуство
490 ## - СЕРИИ (Колекции)
Име на серия DVD колекция Златни български филми
№: серия 28
500 ## - Общи забележки
Забележка Изт. : Загл. екран ; Етикет ; Брош. - Системни изисквания : DVD устройство Windous Media Player. - Други изпълнители : В. Цветкова, П. Попйорданов, Н. Рударов, Г. мамалев, Н. Дончева. - Дигитарно изд. - Съдържа и За филма ; За колекцията
590 ## - Забележки на библиотеката, притежаваща документа (RLIN)
Служебно S.N: 66720 от КНИГИ
700 ## - Други автори (авторска отговорност)
Лично име Стойчев, Марко Кънчев
Дати, свързани с автора 1931 - 2006
9 (RLIN) 248879
700 1# - Други автори (авторска отговорност)
Лично име Андонов, Иван
Автороска отговорност (Описва отношението между автора и произведението) режисьор
Друга информация Савов, Иван Андонов
9 (RLIN) 377712
700 1# - Други автори (авторска отговорност)
Лично име Трифонов, Филип
Автороска отговорност (Описва отношението между автора и произведението) в ролите
9 (RLIN) 354384
700 1# - Други автори (авторска отговорност)
Лично име Костов, Красимир
Автороска отговорност (Описва отношението между автора и произведението) оператор
9 (RLIN) 366588
700 1# - Други автори (авторска отговорност)
Лично име Маричков, Кирил
Автороска отговорност (Описва отношението между автора и произведението) музика
9 (RLIN) 354385
852 ## - Местоположение
Форматна сигнатура Цб CD 1179
Част 0
856 4# - Електронен адрес и достъп
Електронен формат pdf - файл
Път до файла /url/
856 4# - Електронен адрес и достъп
Електронен формат pdf - файл
Път до файла /url/
942 ## - АРТИКУЛИ
Вид на библиотечния материал Компактдискове
Скрит в OPAC Не
Koha issues (borrowed), all copies 1
944 ## - СЪЗДАВАНЕ И РЕДАКЦИЯ на ЗАПИСА
Създаване/Редакция Създаване
Дата на регистрацията/редакция 26.06.2006
Служител, извършил регистрацията/редакцията 30560
Статус, дата на статуса Геновева Генчева
944 ## - СЪЗДАВАНЕ И РЕДАКЦИЯ на ЗАПИСА
Създаване/Редакция Редакция
Дата на регистрацията/редакция 21.03.2007
999 ## - СИСТЕМНИ КОНТРОЛНИ НОМЕРА
Koha biblionumber 219525
Koha biblioitemnumber 219525
999 ## - СИСТЕМНИ КОНТРОЛНИ НОМЕРА
Koha biblioitemnumber 219525
999 ## - СИСТЕМНИ КОНТРОЛНИ НОМЕРА
Koha biblioitemnumber 219525
Наличности
Код за отписване Код за изгубен артикул Източник на класификационната схема Код за повреда Коз за рестрикции Код за отдаване Артикулен № Име на библиотеката - собственик Име на библиотеката, в която се намира в момента Статус (Текущо местоположение) Дата на вписване в системата Местоположение - отдел Цена в лева Инвентарен номер Систематично азбучна сигнатура Баркод Номер на екземпляра Цена в евро Служебна бележка Служебен тип на артикула
  Не е изгубен Universal Decimal Classification Не е повреден без рестрикции заемане за дома 391049 Регионална библиотека "Любен Каравелов" Русе Регионална библиотека "Любен Каравелов" Русе Отдел Изкуство - подръчен фонд 2006-06-26 Отдел Изкуство - подръчен фонд 3.90 250000001485 791.221.2/А 30 250000001485 1 1.99 Дост: Pk Вид: Ф N: 667 Дата: 20.06.2006 Компактдискове
  Не е изгубен   Не е повреден без рестрикции ползва се в читалня 391050 Регионална библиотека "Любен Каравелов" Русе Регионална библиотека "Любен Каравелов" Русе Хранилище 2007-03-14 Хранилище 0.00 250000002129 Цб CD 1179 250000002129 2 0.00 Дост: Dp Вид: Д N: 27 Дата: 14.06.2006 Компактдискове
Vip Innovations Ltd, Rousse, Bulgaria 2025